Datum a čas kvízu
13.5
Celkem bodů
Celkový počet nahraných bodů na tomto kvízu bez doplňovacích otázek.
7.
Pořadí na kvízu
Konečné umístění týmu na tomto kvízu.
Zaznamenané odpovědi
| # | Otázka | Odpověď | Body | Výsledky |
|---|---|---|---|---|
| 1. | Jeden z českých vrcholných pol... | Ivan Bartoš | 1 | |
| 2. | V pondělí večer byl v jednom i... | Janov | 1 | |
| 3. | Německá televize ARD začne od... | Pan Tau | 0 | |
| 4. | Společnost Škoda Auto má novéh... | Jihoafrická republika | 0 | |
| 5. | Za fotbalovou Spartu budou nas... | Ladislav Krejčí | 0.5 | |
| 6. | Historie kulečníkových her sah... | slonovina | 0 | |
| 7. | Kulečník, nebo také biliár (z... | pool | 0 | |
| 8. | Osmička (Eight-ball) se hraje... | A | 0 | |
| 9. | Nyní vám pustíme ukázku ze ser... | karambol | 0 | |
| 10. | Barva peněz je snímek z roku 1... | Tom Cruise | 0 |